Statistiques concernant Culture Générale - Afrique #3

Cliquez ici pour prendre le quiz!

Statistiques générales

  • Ce quiz a été pris 38 fois
  • Le résultat moyen est 6 sur 15

Statistiques - réponses

HintRéponse% Correct
A quel pays appartient l’île de Zanzibar?Tanzanie
89%
Quel pays d’Afrique a été créé afin d’accueillir des esclaves libéré des Etats-Unis?Libéria
81%
Quel pays a remporté le plus de fois la coupe d’Afrique des Nations (CAN)?Egypte
78%
Quel genre musicale algérien est inscrit sur la liste représentative du patrimoine culturel immatériel de l’humanité de l’UNESCO depuis 2022?Le Raï
75%
Nommez le plus grand lac d’AfriqueLac Victoria
69%
Citez une des deux enclaves espagnole située au MarocCeuta | Melilla
64%
Quel roi à fait de la République Démocratique du Congo sa propriété privée?Léopold II
53%
Depuis 2019, quel est la capitale du Burundi?Gitega
39%
De 1958 à 1985, comment s’appelait le Burkina Faso?Haute-Volta
39%
Dans quel pays d’Afrique peut-on trouver des okapi?Congo
31%
Quel désert est considéré comme le plus vieux désert du monde?Le Namib
14%
Quel ancien président a été condamné à perpétuité pour sa participation dans l’assassinat de Thomas Sankara?Blaise Compaoré
6%
Quel artiste est surnommé la reine de l’afro-funk?Angélique Kidjo
3%
Avant sa conversion à l’Islam, comment se prénommait le président Ali Bongo ?Alain
0%
Qui est l’actuel président de l’Union Africaine?Mohamed Ould Ghazouani
0%

Distribution des résultats

Percentile par nombre de réponses

% des personnes avec chaque résultat

Votre développement - résultats

Vous n’avez pas pris ce quiz